| 000 | 00425cam a2200193 4500 | ||
|---|---|---|---|
| 001 | D6333 | ||
| 008 | 090401t1966 xxu||||| |||| 00| 0 eng d | ||
| 035 | _a(Sirsi) u297 | ||
| 041 | _aeng | ||
| 050 | _a692.2 | ||
| 100 | _aKennard, C. | ||
| 245 | _aBuilding regulations | ||
| 260 |
_aLondon _bButterworths _c1966 |
||
| 300 | _av. 241p. 25cm | ||
| 350 | _a0 | ||
| 700 | _aDufton, J. | ||
| 942 | _n0 | ||
| 948 | _c04/03/1997 | ||
| 999 |
_c85522 _d85522 |
||